| 000 | 00874na a2200241 4500 | ||
|---|---|---|---|
| 001 | 17296 | ||
| 003 | MIRAKIL | ||
| 005 | 20181213154942.0 | ||
| 008 | 161024b tu 000 0 | ||
| 035 | _a17296 | ||
| 040 |
_aMilas _btur _cTR-AnCHP |
||
| 041 | _atur | ||
| 082 |
_a915.096222214 _bK29k 2012 |
||
| 090 | _a915.096222214 K29k 2012 | ||
| 111 |
_aKaz Dağları Ulusal Çalıştayı _cBalıkesir _d2012 |
||
| 245 |
_aKaz dağları ulusal çalıştayı _b2-3 Haziran 2012 Güre-Edremit-Balıkesir _cKaz Dağı ve Madra Dağı Belediyeler Birliği |
||
| 260 |
_aBalıkesir _bKaz Dağı ve Madra Dağı Belediyeler Birliği _c2012 |
||
| 300 |
_a272 s. _bres.; tbl. _c23 sm. |
||
| 650 |
_aCoğrafya _xDağlar _yToplantılar _zTürkiye |
||
| 651 |
_aBalıkesir _xKaz Dağları _yToplantılar |
||
| 710 | _aKaz Dağı ve Madra Dağı Belediyeler Birliği | ||
| 942 |
_2ddc _cBKS |
||
| 999 |
_c3751 _d3751 |
||